000 00395nam a2200133Ia 4500
005 20260328101520.0
008 260328s9999||||xx |||||||||||||| ||und||
100 _aBorissavlievitch, Miloutine
245 0 _aLe nombre d'or :
_b L' esthetiqué scientifique de l' Architecture /
_cMiloutine Borissavlievitch
260 _b----
300 _a82 p.
650 _aARQUITECTURA - ELEMENTOS
942 _cBK
999 _c9558
_d9558